Planning advice note PAN 2/2010 (Record no. 110990)

MARC details
000 -LEADER
fixed length control field 01054cad a22002535a 4500
001 - CONTROL NUMBER
control field E150815
008 - FIXED-LENGTH DATA ELEMENTS--GENERAL INFORMATION
fixed length control field 100907s2010 xxk s000 0 eng u
020 ## - INTERNATIONAL STANDARD BOOK NUMBER
International Standard Book Number 9780755995509
035 ## - SYSTEM CONTROL NUMBER
System control number (Sirsi) u150815
041 ## - LANGUAGE CODE
Language code of text/sound track or separate title eng
050 04 - LIBRARY OF CONGRESS CALL NUMBER
Classification number 711.1
110 ## - MAIN ENTRY--CORPORATE NAME
Corporate name or jurisdiction name as entry element Scotland
Subordinate unit Scottish Government
9 (RLIN) 5344
245 00 - TITLE STATEMENT
Title Planning advice note PAN 2/2010
Remainder of title affordable housing and housing land audits
Medium [electronic resource]
260 ## - PUBLICATION, DISTRIBUTION, ETC.
Place of publication, distribution, etc. Edinburgh
Name of publisher, distributor, etc. Scottish Government
Date of publication, distribution, etc. 2010
490 ## - SERIES STATEMENT
Series statement Planning Advice Note
Volume/sequential designation (2/2010)
520 ## - SUMMARY, ETC.
Summary, etc. Gives advice on the ways in which the planning system can assist with the Government's commitment to increase the supply of affordable housing. Sets out a range of approaches and discusses the types of affordable housing which are available.
521 ## - TARGET AUDIENCE NOTE
Target audience note Advanced
590 ## - LOCAL NOTE (RLIN)
Local note KA
650 ## - SUBJECT ADDED ENTRY--TOPICAL TERM
Topical term or geographic name entry element PAN2/2010
651 #4 - SUBJECT ADDED ENTRY--GEOGRAPHIC NAME
Geographic name Scotland
Chronological subdivision 1999-
690 ## - LOCAL SUBJECT ADDED ENTRY--TOPICAL TERM (OCLC, RLIN)
Topical term or geographic name as entry element Planning and development
9 (RLIN) 6259
856 40 - ELECTRONIC LOCATION AND ACCESS
Uniform Resource Identifier <a href="https://www.scotland.gov.uk/Publications/2010/08/31111624/0">https://www.scotland.gov.uk/Publications/2010/08/31111624/0</a>
Public note View the PAN free of charge at www.scotland.gov.uk
942 ## - ADDED ENTRY ELEMENTS (KOHA)
Suppress in OPAC 0
Holdings
Withdrawn status Lost status Source of classification or shelving scheme Damaged status Not for loan Home library Current library Shelving location Date acquired Total Checkouts Full call number Barcode Date last seen Copy number Price effective from Koha item type
    Dewey Decimal Classification     Virtual Virtual Online 07/09/2010   ONLINE PUBLICATION 150815-2001 06/08/2019 1 06/08/2019 Book